LIBRARY & INFORMATION CENTRE, KCAET, TAVANUR

ONLINE PUBLIC ACCESS CATALOGUE (OPAC)

Water and wastewater technology / (Record no. 16900)

MARC details
000 -LEADER
fixed length control field 00669cam a2200217 a 4500
003 - CONTROL NUMBER IDENTIFIER
control field OSt
008 - FIXED-LENGTH DATA ELEMENTS--GENERAL INFORMATION
fixed length control field 100706s2012 njua b 001 0 eng
020 ## - INTERNATIONAL STANDARD BOOK NUMBER
ISBN 9780135114049 (hbk. : alk. paper)
020 ## - INTERNATIONAL STANDARD BOOK NUMBER
ISBN 0135114047 (hbk. : alk. paper)
082 00 - DEWEY DECIMAL CLASSIFICATION NUMBER
Classification number 628.11
Item number HAM/WA
100 1# - MAIN ENTRY--AUTHOR NAME
Personal name Hammer, Mark J.,
245 10 - TITLE STATEMENT
Title Water and wastewater technology /
250 ## - EDITION STATEMENT
Edition statement 7th ed.
260 ## - PUBLICATION, DISTRIBUTION, ETC. (IMPRINT)
Place of publication New Delhi
Name of publisher Pearson/Prentice Hall,
Year of publication c2012.
300 ## - PHYSICAL DESCRIPTION
Number of Pages xi, 460 p. :
Other physical details ill. ;
650 #0 - SUBJECT ADDED ENTRY--TOPICAL TERM
Topical Term Water-supply engineering.
650 #0 - SUBJECT ADDED ENTRY--TOPICAL TERM
Topical Term Sewage disposal.
700 1# - ADDED ENTRY--PERSONAL NAME
Personal name Hammer, Mark J.,
856 41 - ELECTRONIC LOCATION AND ACCESS
Uniform Resource Identifier <a href="http://www.loc.gov/catdir/toc/fy11pdf04/2010027782.html">http://www.loc.gov/catdir/toc/fy11pdf04/2010027782.html</a>
942 ## - ADDED ENTRY ELEMENTS (KOHA)
Koha item type Books
Holdings
Withdrawn status Lost status Damaged status Collection code Home library Current library Shelving location Date acquired Source of acquisition Cost, normal purchase price Full call number Accession Number Koha item type
      General Books KAUAET KAUAET General Stacks 30/03/2013 Aman Book Stall, Calicut 450.00 628.11 HAM/WA 24140 Books
free website counter